تعلم خط الرقعه / (رقم التسجيلة. 130841)

تفاصيل مارك
000 -الفاتح
عناصر البيانات ثابتة الطول 00645cam a2200193 i 4500
005 - تاريخ ووقت آخر معاملة
حقل ضبط 20260222094813.0
008 - عناصر البيانات ثابتة الطول
عناصر البيانات ثابتة الطول 250721s2014 jo gr 000 0 ara d
082 14 - رقم تصنيف ديوي العشري
رقم التصنيف 411.4
رقم المادة ع ر ا
100 1# - مدخل رئيسي – اسم شخصي
الاسم الشخصي ابو عراق، سعادة
علاقة الشخص بالعمل/ دوره مؤلف.
245 10 - بيان العنوان
العنوان تعلم خط الرقعه /
بيان المسؤولية سعادة ابو عراق، سندس ابو عراق.
264 31 - بيانات النشر، التوزيع…إلخ
مكان النشر، التوزيع...إلخ عمان :
اسم الناشر، الموزع...إلخ وزارة الثقافة،
تاريخ النشر، التوزيع...إلخ 2014.
300 ## - الوصف المادي
عدد الوحدات المكونة للوعاء 219 صفحة.
650 17 - مدخل إضافي بالموضوع - مصطلح موضوعي
مصطلح موضوعي أو اسم جغرافي كعنصر مدخل الخطوط العربية.
650 17 - مدخل إضافي بالموضوع - مصطلح موضوعي
مصطلح موضوعي أو اسم جغرافي كعنصر مدخل الخط.
650 17 - مدخل إضافي بالموضوع - مصطلح موضوعي
مصطلح موضوعي أو اسم جغرافي كعنصر مدخل التعلم.
700 1# - مدخل إضافي - اسم شخصي
الاسم الشخصي ابو عراق،سندس
علاقة الشخص بالعمل/ دوره مؤلف.
942 ## - بيانات إضافية (كوها)
نوع التنصيف Dewey Decimal Classification
نوع المادة (كوها) كتب
المقتنيات
حالة السحب حالة الفقدان مصدر التصنيف حالة التلف غير قابل للإعارة المكتبة الرئيسية المكتبة الحالية موقع الرف تاريخ التزويد الرقم المتسلسل Total Checkouts رقم الإستدعاء الباركود تاريخ آخر ظهور تاريخ الفاتورة نوع المادة (كوها)
    Dewey Decimal Classification     المكتبة المركزية المكتبة المركزية الإعارة 28/07/2025 1588497   411.4 / ع ر ا PLD00312781 28/07/2025 28/07/2025 كتب
    Dewey Decimal Classification     المكتبة المركزية المكتبة المركزية مقتنيات قسم التزويد 28/07/2025 1596391   411.4/عرا   28/07/2025 28/07/2025 كتب
Implemented & Customized by: BBB with SCIT (Smart Chains for Information Technology)

Powered by Koha